000 00609nam a2200193Ia 4500
003 SISC
005 20181009094506.0
008 180918s9999 xx 000 0 und d
020 _a9780198378341
050 _aG 300 .F888 2017
100 _aFretwell, Muriel
245 _cMuriel Fretwell; Liz Whiteley
_aEnvironmental management for Cambridge IGCSE and 0 level/
260 _aUK:
_bOxford University Press
_c2017
300 _a196 pages :
_billustrated ;
_c29 cm.
500 _aincludes index
650 _aEnvironmental management -- examinations -- study guides
942 _2lcc
_cBK
999 _c358795
_d358795